| 000 | 02614nam a2200217Ia 4500 | ||
|---|---|---|---|
| 003 | Ost | ||
| 005 | 20260507075732.0 | ||
| 008 | 260507s9999||||xx |||||||||||||| ||und|| | ||
| 040 | _cfsecg | ||
| 041 | _aara | ||
| 082 | _a341.75 | ||
| 100 |
_aملاك، وسام _eمؤلف |
||
| 245 | 0 |
_aالظواهر النقدية علي المستوى الدولي / _c وسام ملاك |
|
| 260 |
_aبيروت: _bدار المنهل اللبناني للطباعة و النشر, _c2001 |
||
| 300 |
_a574 صفحة؛ _c24 سم |
||
| 504 | _aبيبليوغرافيا :ص. 432، 550 ؛ملاحق : ص. 553 | ||
| 520 | _aيأتي هذا الكتاب في سلسلة تعالج القضايا النقدية والمالية .تلك السلسلة تشتمل على مؤلف ثالث سيصدر لاحقا ، ويخصص لدراسة البورصات والأسواق المالية العالمية .وعلى غرار المؤلف الأول " النقود والسياسات الداخلية " فقد صيغ هذا المؤلف بأسلوب مبسط مع الحرص الشديد علي مراعاة الدقة العلمية ، وما الامتلة المتعددة ،التي أدرجت ، إلا بغية فهم أعمق للموضوعات المطروحة. أسس تكوين ميزان المدفوعات والقيود التي يتطلبها ،آليات إعادة التوازن إلي ميزان المدفوعات ،التوازن في الاقتصاد المفتوح علي الخارج وعلاقة ميزان المدفوعات بأهم المتغيرات الاقتصادية ، سوق الصرف ،التسعيرة ، العاملون في السوق وإستراتيجية مصدري الأوامر ، ادوات الصرف المشتقة والأسواق المنظمة للعقود للأجل ولخيارات الصرف ،انظمة الصرف المرتبطة بتدخل السلطات النقدية في سوق الصرف ، التوازن علي الصعيد الاقتصادي الكلي وفعالية Pax السياستين النقدية والموازنية في ظل نظامي الصرف التابت والعائم ، قاعدة الصرف - الدهب وعصر ال americana التخلي عن الصرف الثابت والانتقال الي تجربة العوم غير التام حتي العام 1978 ، العوم غير التام لأسعار الصرف مند العام 1979 الدولار كنقد دولي وأداة توظيف دولية | ||
| 653 | _aالاقتصاد الدولي | ||
| 700 |
_aوسام، ملاك _eمؤلف ثانوي |
||
| 942 | _cكتاب | ||
| 999 |
_c46046 _d46046 |
||